Statistics for Most Successful European Football Team by Country

Click here to take the quiz!

General Stats

  • This quiz has been taken 26 times
  • The average score is 24 of 50

Answer Stats

CountryTeam% Correct
SpainReal Madrid CF
100%
NetherlandsAFC Ajax
96%
GermanyFC Bayern Munich
96%
EnglandManchester United FC
96%
France (Tied)Paris Saint-Germain FC
96%
ScotlandCeltic FC
88%
ItalyJuventus FC
88%
CroatiaGNK Dinamo Zagreb
84%
PortugalSL Benfica
84%
Serbia (Tied)FK Red Star Belgrade
76%
TurkeyGalatasaray SK
76%
DenmarkFC Copenhagen
72%
SwedenMalmo FF
64%
GreeceOlympiakos FC
64%
AlbaniaKF Tirana
60%
BelgiumRSC Anderlecht
60%
AustriaSK Rapid Wien
60%
CzechiaAC Sparta Prague
56%
France (Tied)AS Saint-Étienne
56%
UkraineFC Dynamo Kyiv
56%
Serbia (Tied)FK Partizan
56%
FinlandHJK Helsinki
52%
PolandLegia Warsaw
52%
BelarusBATE Borisov
48%
BulgariaCSKA Sofia
48%
MoldovaFC Sheriff Tiraspol
48%
HungaryFerencvárosi TC
48%
SloveniaNK Maribor
44%
NorwayRosenborg BK
44%
RussiaFC Spartak Moscow
40%
SwitzerlandGrasshopper Club Zurich
40%
IrelandShamrock Rovers FC
40%
Northern IrelandLinfield FC
32%
SlovakiaSK Slovan Bratislava
32%
KosovoFC Prishtina
28%
RomaniaFCSB
28%
EstoniaFC Flora Tallinn
24%
IcelandKR
24%
LuxembourgF91 Dudelange
20%
North MacedoniaFK Vardar Skopje
20%
WalesThe New Saints FC
20%
San MarinoTre Fiori FC
20%
LithuaniaFK Zalgiris
16%
LatviaSkonto FC
16%
AndorraFC Santa Coloma
12%
Bosnia & HerzegovinaHSK Zrinjski Mostar
12%
Malta (Tied)Sliema Wanderers FC
12%
Montenegro (Tied)FK Buducnost
8%
Montenegro (Tied)FK Sutjeska
4%
Malta (Tied)Floriana FC
4%

Score Distribution

Percentile by Number Answered

Percent of People with Each Score

Your Score History

You have not taken this quiz